Riconosci questi modelli Ferrari ? - Statistics

Statistiche generali
  • Questo quiz è stato fatto 97 volte
    96 dall'ultimo reset
  • Il punteggio medio è 13 su 26
Statistiche sulle risposte
con Immagini Risposta % Corretto
F40
94%
Enzo
91%
LaFerrari
90%
Purosangue
86%
F50
82%
Roma
78%
F8
71%
Portofino
65%
250 Gto
61%
488 Pista
56%
F80
56%
FXX
51%
California
48%
12 Cilindri
42%
Daytona SP3
40%
599 Gto
39%
812 Competizione
36%
Gtc4 Lusso
36%
458 Speciale
35%
SP2
35%
F12 Tdf
29%
F430 Scuderia
27%
F360
25%
296 Gts
23%
612 Scaglietti
12%
246 Dino
8%
Nessun quiz corrispondente trovato
Distribuzione punteggi
Percentuale di utenti per punteggio
Percentile per numero di risposta
I tuoi punteggi nel tempo
Non hai fatto questo quiz dall'ultimo reset